000 00704nam a2200229Ia 4500
003 OSt
005 20220926030802.0
006 a|||||r|||| 00| 0
007 ta
008 220923b |||||||| |||| 00| 0 eng d
037 _cGeneral Book
040 _aRTL
_cRTL
_beng
041 _2eng
_aeng
082 _aX9(S):8F.236r, GD
110 _aBoard of Economic Inquiry Punjab (India)
_9334846
245 0 _aFarm accounts in the Punjab, 1951-52, 1952-53
260 _aPunjab
_bEconomic & Statistical Organisation
_c1955
300 _a46p
_ccm.
700 _aBoard of Economic Inquiry Punjab (India)
_9334847
942 _hX9(S):8F.236r, GD
_cGB
_2CC
999 _c650691
_d650691